000 00887nas a2200289 4500
001 BR2011002013
003 BR-BrBNA
005 20231205114540.0
007 ta
008 230509b bl.|||p| |||| 00| 00por d
040 _aBR-BrBNA
_bpor
_cBiblioteca Nacional de Agricultura
041 _a(Pt)
072 _aL73; L70
100 1 _aPeixoto, T.P.
100 1 _aRanzani, J.J.T.
100 1 _aBrandão, C.V.S.
100 1 _aRodrigues, A.C.L.
245 1 _aAnálise da fórmula SRK/T no cálculo de lente intra-ocular em cães portadores de catarata
650 _aCÃO
650 _aCATARATA
650 _aOLHO
650 _aCIRURGIA
650 _aBIOMETRIA
773 0 _tArquivo Brasileiro de Medicina Veterinária e Zootecnia (Brazil)
_xISSN 0102-0935
_g(Dec 2008), v. 60(6) p. 1418-1425
_wBR2011002013
909 _a202311
_bLúcia
_c55
_dLúcia Elande
942 _2AGRIS
_n0
_cANA
999 _c209279
_d209279